000 00345nam a22001337a 4500
020 _a978-1-292-40948-1
082 _a332.1
100 _aMishkin, Frederic S.
245 _aThe Economics of Money, Banking, and Financial Markets
250 _a13th
260 _aHarlow:
_bPearson Education,
_c2022
300 _a718p.: ill.; 25cm
942 _cBK
999 _c22153
_d22153